01721cam a22003494a 450000100090000000300040000900500170001300800410003001000170007102000280008802000180011603500200013404000100015404200080016405000220017206000220019408200160021624501030023225000120033526000450034730000430039250000960043550400640053150505370059565000330113265000370116565000260120265000260122865000370125470000250129170000550131612988947OSt20150408114110.0021031s2003 ilua b 001 0 eng  a 2002153149 a0736001409 (hard cover) a9780736001403 a(DNLM)101158373 aMa-Un apcc00aQP301b.A67 200310aWE 103bT355 200300a612.04222100aTextbook of work physiology :bphysiological bases of exercise /cPer-Olof Åstrand ... [et al.]. a4th ed. aChampaign, IL :bHuman Kinetics,cc2003. av, 649 p. :bill. (some col) ;c29 cm. aRev. ed. of: Textbook of work physiology / Per-Olof Åstrand, Kaare Rodahl. 3rd ed. c1986. aIncludes bibliographical references (p. 570-634) and index.0 aOur biological heritage -- The cell and its regulatory mechanisms -- The muscle and its contraction -- Motor function -- Body fluids, blood, and circulation -- Respiration -- Skeletal system -- Physical performance -- Evaluation of physical performance on the basis of tests -- Body dimensions and muscular exercise -- Physical training -- Nutrition and physical performance -- Temperature regulation -- Factors affecting performance -- Fatigue -- Applied sport physiology -- Applied work physiology -- Physical activity and health. 0aWorkxPhysiological aspects. 0aExercisexPhysiological aspects.12aExertionxphysiology.22aExercisexphysiology.22aPhysical Education and Training.1 aÅstrand, Per-Olof.1 aÅstrand, Per-Olof.tTextbook of work physiology.